000 00381nam a2200133Ia 4500
008 240624s9999 xx 000 0 und d
041 _aeng
082 _a658.4012 McG
100 _aMCGRATH RITA GUNTHER
245 _aMARKET BUSTERS 40 STRATEGIC MOVES THAT D
260 _c2005
_aNew Delhi
_bHarvard Business Review Press
300 _aviii, : 264 : p. : cm. ; 24
365 _cRS
_b38
999 _c28319
_d28319